| 000 | 01051nam a2200289 a 4500 | ||
|---|---|---|---|
| 001 | 1044 | ||
| 003 | BR-CuiBMT | ||
| 005 | 20231129005725.0 | ||
| 008 | 231127s2014 baba 000 0 por d | ||
| 020 | _a8577618765 | ||
| 040 |
_aBR-CuiBMT _cBR-CuiBMT |
||
| 080 |
_22007 _a347.964.1 _x(079.1) |
||
| 090 |
_a347.964.1(079.1) _bP654m |
||
| 100 | 1 | _aPinho, Américo Andrade | |
| 245 | 1 | 0 |
_aManual do procurador do Estado : _bteoria e prática / _cAmérico Andrade Pinho, Luciano Alves Rossato, Nelson Finotti Silva. |
| 260 |
_aSalvador : _bJusPODIVM, _c2014. |
||
| 300 |
_a307 p. : _bil. ; _c23 cm |
||
| 490 | 1 | _aColeção manuais das carreiras : teoria e prática | |
| 504 | _aInclui índice. | ||
| 650 |
_aServiço público _xQuestões de concursos _zBrasil |
||
| 650 |
_aProcuradoria do Estado _zQuestões de concursos _yBrasil |
||
| 650 |
_aProcuradoria do Estado _xExames para admissão _zBrasil |
||
| 700 | 1 | _aRossato, Luciano Alves | |
| 700 | 1 | _aSilva, Nelson Finotti | |
| 830 | 0 | _aManuais das carreiras : teoria e prática | |
| 942 |
_2udc _cLV |
||
| 999 |
_c1044 _d1044 |
||